00909nam a2200217 a 4500008004100000050001300041100002200054245008400076260003300160300001500193350000900208490002400217650002200241650005000263650001600313650004800329710007400377995010000451999001700551952012300568100212s1994 ||||||||||||||||| || u aEPAT(01) aStycos, J. Mayone10aPopulation, projections, and policy: a cautionary perspectivecJ. Mayone Stycos aWisconsin:bEPAT/WUCIAc1994 a15p.: ill. a0.00 aEPAT Working papers aPopulation policy aENVIRONMENTAL IMPACT ANALYSIS -- CASE STUDIES aENVIRONMENT aENVIRONMENTAL ASPECTS--DEVELOPING COUNTRIES aEnvironmental and Natural Resources Policy and Training Project(EPAT) D0.00FCBU-MAIN LIBRARY (Kitwe)H1I0.00M1UAVAILABLEWFeb 12, 2010ZInternational Publications c54030d54030 00102lcc4070a001b001cInternational Publicationsd2022-11-30l0oEPAT(01)pZ03005914r2022-11-30w2022-11-30y002